01113nam a22003014a 450000500170000000800410001701000140005802000260007202000230009803500130012103700150013404000180014908200100016710000260017724500760020326000500027927000450032930000630037444000480043750000510048565000280053665000240056465000230058870000170061194200240062899900170065295201420066920090813141430.0990818s2000 nyua b 001 0 eng  aENG-94740 a9780070671102c595.00 a0070671109c595.00 aEN-78273 bDBAD / PUB adplbEnglish  a658.5 aHarrington, H. James  aSimulation modeling methods /cby H. James Harrington [and] Kerim Tumay aNew Delhi 1bTata McGraw Hill Educationc2009 a7 West Patel Nagar, bNew Delhi e110008 axxv, 379 p. :bill. ;c25cm(pbk) e1 computer laser disc  aHarrington's performance improvement series aIncludes bibliographical references and index. aProduction engineering. aSimulation methods. aIndustrial design. aTumay, Kerim 2ddccENh658.5mHAR c29196d29196 00102ddc40718NFICaDBADbDBADd2009-08-13eDBAD / PUBg595.00l0o658.5 HARpEN-78273r2009-08-13 00:00:00t1v595.00w2009-08-13yEN